• 首页
  • 本馆介绍
  • 公告通知
  • 最新文献
  • 馆藏检索
  • 电子资源
  • 读者导购
  • 参考咨询
  • 我的图书馆
  • 登录
  • 详细信息显示
  • 放入我的书架
  • 预约/预借图书
  • 作者相关作品
  • 分类相关作品
  • 丛书相关作品
  • 出版社相关作品

书目信息

  • 表格格式
  • 工作单格式
  • 卡片格式
题名:
世界通史资料选辑
    
 
作者: 周一良 , 吴于谨 主编
分册:  
出版信息: 北京   商务印书馆  1962.12
页数: 453页
开本: 20cm
丛书名:
单 册:
中图分类: K106
科图分类:
主题词: 世界史:通史
电子资源:
ISBN:
000 00609nam0 2200205 45
001 0312221749
005 20070729163915.08
010    @dCNY1.34
100    @a20031222d1962 km y0chiy0120 ea
101    @achi
200 1  @a世界通史资料选辑@e上古部分@EShang Gu Bu Fen@AShi Jie Tong Shi Zi Liao Xuan Ji@f周一良,吴于谨主编@FZhou Yi Liang,Wu Yu Jin Zhu Bian
210    @a北京@c商务印书馆@d1962.12
215    @a453页@d20cm
517    @a上古部分@AShang Gu Bu Fen
606 0  @a世界史:通史
690    @aK106@v3
701 0  @a周一良@4主编
701 0  @a吴于谨@4主编
801    @aCN@bTSTCL@c20070729
905    @dK106@e10:1
    
    世界通史资料选辑:上古部分/周一良,吴于谨主编.-北京:商务印书馆,1962.12
    453页;20cm
    
    
    ISBN :CNY1.34
    
●
相关链接 在E读中查询图书 在五车中查询图书 在当当中查询图书 在豆瓣中查询图书


正题名:世界通史资料选辑     索取号:K106/10:1         预约/预借

序号 登录号 条形码 馆藏地/架位号 状态 备注
1 0213066   001416168   第二样本阅览室/ [索取号:K106/10:1] 在馆    
2 0253587   001416159   第二借阅区/ [索取号:K106/10:1] 在馆    
3 0253588   001416195   第二借阅区/ [索取号:K106/10:1] 在馆    
4 0786984   207869840   密集书库/ [索取号:K106/10:1] 在馆    
唐山师范学院图书馆 欢迎您!
大连网信软件有限公司© 版权所有